004370000a22001330004500090001700000245008600017041001300103700002600116700003100142100002500173942001300198773007500211999001700286 aASbSeriadas10aChemical properties of soils eaten by red howler monkeys (Alouatta seniculus), II0 aInglés1 aKimura, Koshin9969171 aOhnishi, Yoshihisa91002501 aIzawa, Kosei9100240 cARTICULO1 tField Studies of Fauna and Flora La Macarena, Colombiaq27-37d1992g4 c16017d16017